000 00286nam a2200121Ia 4500
008 190216s9999||||xx |||||||||||||| ||und||
100 _aPoonthavanam N C
245 0 _aSaphallayam
260 _bChandran Smaraka Grandhalayam
_c1976
300 _a78p
650 _aKavithkal
942 _cBK
999 _c26909
_d26909